00748nas a2200217Ia 4500001001100000003000900011008004100020040001300061040001300074041001300087100004100100210001700141222001700158245014300175250001100318260003600329501008600365300001700451362002600468650003600494R019/42796IT-RoPAU151124c99999999xx |||||||||||| ||und|| aIT-RoPAU cIT-RoPAU aITALIANO aNegri NinogCodice Aut. SPICS: 37034 aFILM SPECIAL aFilm Special aFILM SPECIAL, N.1-1970 (CON DISCO)bEvoluzione Della Tecnica (L'): Ripresa E Proiezione Cinematografica Con Obiettivi A Grandissimo Angolo a1a ed. aMILANObL'UFFICIO MODERNOc1970 bPaulus - SPICS - Società San Paolo EM (non-commercial uses only)cCopyright2015 a2 p. [69-70] aN.1-1970 (CON. DISCO) aCINEMAvPUBBLICAZIONE PERIODICA